Vật lí 12

Nội dung được trình bày gồm các trang in thành 2 cột: nội dung chính bài học, trình bày các hình vẽ, tranh, ảnh, biễu bảng...Sau phần nội dung là phần tóm tắt bài học được in đậm và sau mỗi bài học là câu hỏi để học sinh làm ở nhà, câu trả...

全面介紹

Đã lưu trong:
書目詳細資料
主要作者: Lương, Duyên Bình
格式: 圖書
語言:Undetermined
出版: Hà Nội Giáo dục Việt Nam 2010
主題:
標簽: 添加標簽
沒有標簽, 成為第一個標記此記錄!
Thư viện lưu trữ: Trung tâm Học liệu Trường Đại học Cần Thơ
LEADER 01019nam a2200217Ia 4500
001 CTU_157794
008 210402s9999 xx 000 0 und d
020 |c 11500 
082 |a 530.712 
082 |b B312/L.12 
100 |a Lương, Duyên Bình 
245 0 |a Vật lí 12 
245 0 |c Lương Duyên Bình (Tổng chủ biên) 
260 |a Hà Nội 
260 |b Giáo dục Việt Nam 
260 |c 2010 
520 |a Nội dung được trình bày gồm các trang in thành 2 cột: nội dung chính bài học, trình bày các hình vẽ, tranh, ảnh, biễu bảng...Sau phần nội dung là phần tóm tắt bài học được in đậm và sau mỗi bài học là câu hỏi để học sinh làm ở nhà, câu trả lời ở cuối cuốn sách. 
650 |a Physics 
650 |x Study and teaching (Secondary) 
904 |i Mỹ Lệ (Bé Ba) 
980 |a Trung tâm Học liệu Trường Đại học Cần Thơ